Computation of cavity-by-cavity flow development in generic labyrinth seals /

Bibliographic Details
Main Author: Nail, Gregory Howard, 1962-
Format: Thesis eBook
Language:English
Published: [Place of publication not identified] : [publisher not identified] ; 1986.
Subjects:
Online Access:Link to OAKTrust copy

MARC

Tag First Indicator Second Indicator Subfields
LEADER 00000cam a2200000 a 4500
001 in00000017781
005 20220103134254.0
007 cr unu a
008 880628s1986 xx a b 00010 eng d
035 |9 AAB1898AM 
035 |a (OCoLC)18146434 
040 |a TXA  |c TXA  |d UtOrBLW 
049 |a TXAZ [Also in] [Archives]  |c 1 [A10857121], 2 [A10857325] 
099 |a 1986  |a Thesis  |a N156 
100 1 |a Nail, Gregory Howard,  |d 1962- 
245 1 0 |a Computation of cavity-by-cavity flow development in generic labyrinth seals /  |c by Gregory Howard Nail. 
264 1 |a [Place of publication not identified] :  |b [publisher not identified] ;  |c 1986. 
300 |a xi, 61 leaves :  |b illustrations ;  |c 29 cm. 
336 |a text  |b txt  |2 rdacontent 
337 |a computer  |b c  |2 rdamedia 
338 |a online resource  |b cr  |2 rdacarrier 
500 |a "Major subject: Mechanical Engineering." 
500 |a Typescript (photocopy). 
500 |a Vita. 
502 |b M.S.  |c Texas A&M University  |d 1986. 
504 |a Bibliography: leaves 58-60. 
530 |a Also available online. 
650 0 |a Impellers  |x Dynamics. 
650 0 |a Turbomachines  |x Fluid dynamics. 
650 4 |a Major mechanical engineering. 
856 4 1 |u https://hdl.handle.net/1969.1/ETD-TAMU-1986-THESIS-N156  |z Link to OAKTrust copy  |t 0 
999 |a MARS 
999 f f |s f42973b7-f83a-3940-bddd-755bd9ab2c3e  |i f9479912-829e-3406-b160-85691903bf43  |t 0 
952 f f |p noncirc  |a Texas A&M University  |b J.J. Pickle Campus  |c High Density Repository  |s HDR  |d Remote Storage  |t 0  |e 1986 Thesis N156  |h Other scheme  |i computer -- online resource  |m A14839617352 
952 f f |a Texas A&M University  |b College Station  |c Electronic Resources  |s www_evans  |d Available Online  |t 0  |e 1986 Thesis N156  |h Other scheme 
998 f f |a 1986 Thesis N156  |t 0  |l Remote Storage 
998 f f |a 1986 Thesis N156  |t 0  |l Available Online